Concepts of free labor in Antebellum America

Αποθηκεύτηκε σε:
Λεπτομέρειες βιβλιογραφικής εγγραφής
Κύριος συγγραφέας: Glickstein, Jonathan A. 1948-
Μορφή: Βιβλίο
Γλώσσα:English
Δημοσίευση: New Haven : Yale University Press, c1991
Σειρά:Yale historical publications
Θέματα:
Ετικέτες: Προσθήκη ετικέτας
Δεν υπάρχουν, Καταχωρήστε ετικέτα πρώτοι!

MARC

LEADER 00000nam a2200000 i 4500
001 1/72558
008 990316s1991 eng d
020 |a 0-300-04789-4 
035 |l 10048582 
040 |a GR-MY-UA  |b gre  |e aacr 
041 0 |a eng 
082 0 |a 331.11 
100 1 |a Glickstein, Jonathan A.  |d 1948- 
245 1 0 |a Concepts of free labor in Antebellum America /  |c Jonathan A. Glickstein 
260 |a New Haven :   |b Yale University Press,   |c c1991 
300 |a 514 p. 
490 1 |a Yale historical publications 
504 |a Includes bibliographical references and index 
650 0 0 |a Manual work  |z United States  |x History  |y 19th century  |x Public opinion. 
650 0 0 |a Public opinion  |z United States  |x History  |y 19th century. 
650 0 0 |a Manual work  |z Great Britain  |x History  |y 19th century  |x Public opinion. 
650 0 0 |a Public opinion  |z Great Britain  |x History  |y 19th century. 
830 0 |a Yale historical publications 
852 |a INST  |b LESVOS  |e 19990316  |h 331.11 GLI  |p 005100017067  |q 005100017067  |t BK  |y 0 
901 |a BIBL-1999-1 
909 |a Λ  |b 061349 
922 |a 1ΕΛΗ  |b 199811  |c ΚΠΣ/ΤΚ  |d ΠΑΠΑΣΩΤΗΡΙΟΥ 
950 |a 103-1998-07-27